000 00883nam2a22002651 4500
001 RU\NLR\INFOCOMM55\5000158837
005 20250617120249.0
035 _a(NLR Aleph) 002588113
090 _a3336375
_c3336375
100 _a20041020d1977 |||y0rusy50 ca
101 0 _arus
_aeng
102 _aRU
105 _ay ||||000|y
200 1 _aAsymptotic behaviour of hadron electromagnetic form factors in the dynamical model of factorizing guarks
_fN.B. Scačkov, I.L. Solovcov
210 _d1977
_aБ. м.
461 0 _1001RU\NLR\INFOCOMM15\1000176112
_12001#$aИздания$fОбъедин. ин-т ядерных исследований$vE2-10530
700 1 _aScačkov
_bN.B.
_4070
701 1 _aSolovcov
_bI.L.
_4070
801 1 _aRU
_bInfoComm
_c20050112
801 0 _aRU
_bNLR
_gPSBO
852 _aNLR
_jП11/2061
942 _cISSUE
980 _aNB
980 _aRUSPER